000 01092nam0a22002771 4500
001 rc\3335767
005 20130115151622.4
035 _a(NLR Aleph) 007428072
090 _a6986148
_c6986148
100 _a20130115d1969 |||y0rusy50 ca
101 0 _arus
102 _aRU
105 _ay z |||||
200 1 _aУчастковый инспектор Ф.А. Величко
_fПодгот. Ф.И. Темченко
_gПод ред. подполк. милиции С.Т. Повчуна
_gУпр. внутр. дел Ставропольского крайисполкома. Орг.-инспекторский отд.
210 _aСтаврополь
_cБ. и.
_d1969
215 _a22 с.
_d20
309 _aОтпеч. множит. аппаратом
333 _aДля служебного пользования
700 1 _aТемченко
_bФ. И.
_gФедор Иванович
702 1 _aПовчун
_bС. Т.
_4340
702 1 _aВеличко
_bФ. А.
_4570
801 0 _aRU
_bNLR
_gpsbo
801 1 _aRU
_bELAR
_2rusmarc
852 _aNLR
_j50к/22177
942 _cBOOK
980 _aNB